|
|
|
|
| LEADER |
00944nam a22002297a 4500 |
| 001 |
30601 |
| 003 |
BD-DhAAL |
| 005 |
20241121110016.0 |
| 008 |
151230b1994 bg ||||| |||| 00| 0 eng d |
| 040 |
|
|
|a BD-DhAAL
|c BD-DhAAL
|
| 082 |
|
|
|2 22
|a 307.1412095492
|
| 245 |
|
|
|a Design calculation for the construction of 20 storied head office building for BRAC.
|
| 260 |
|
|
|a Dhaka :
|b BRAC
|c 1994.
|
| 300 |
|
|
|a various paging :
|b illustrations ;
|c 29 cm.
|
| 541 |
|
|
|a Complimentary copy from BRAC
|e 30601
|
| 610 |
|
|
|a BRAC
|9 17079
|
| 650 |
|
|
|a Rural development
|z Bangladesh.
|9 17080
|
| 710 |
|
|
|a BRAC
|9 17079
|
| 852 |
|
|
|a Ayesha Abed Library
|c BRAC Resource Section
|
| 942 |
|
|
|2 ddc
|c BK
|
| 999 |
|
|
|c 36480
|d 36480
|
| 952 |
|
|
|0 0
|1 0
|2 ddc
|4 0
|6 307_141209549200000_DES
|7 1
|9 57433
|a BRACUL
|b BRACUL
|c BRS
|d 2015-12-30
|e Complimentary copy from BRAC
|l 0
|o 307.1412095492 DES
|p 3010030601
|r 2015-12-30
|t 1
|w 2015-12-30
|y BK
|x Complimentary copy from BRAC; Price not available in register.
|